« Retourner aux résultats de recherche
Enquête du Barry (L')
| Auteur principal: | Frédéric Lenormand |
|---|---|
| Support: | Livres |
| Langue: | Francais |
| Publié: |
2019 A vue d'oeil Auvers sur Oise |
| Series: |
Au service secret de Marie-Antoinette |
| Genre: |
Roman (gros caractères) |
| Collection: |
Au service secret de Marie-Antoinette |
| Sujets: | |
| Étiquettes: |
Ajouter
Pas de Tags !
|
| LEADER | 01139nam0a2200217 450 | ||
|---|---|---|---|
| 001 | 16848358 | ||
| 010 | |a 979-10-269-0385-7 |b br. |d 22 | ||
| 100 | |a 20191121d2019 u u0frey01 ba | ||
| 101 | 0 | |a fre | |
| 102 | |a FR | ||
| 200 | 0 | |a Enquête du Barry (L') |f Frédéric Lenormand | |
| 207 | 1 | |a | |
| 210 | |a Auvers sur Oise |b 22, rue Carnot. |c A vue d'oeil |d 2019 | ||
| 215 | |a 1 vol. (408 p.) |d 24 x 16 cm | ||
| 225 | 1 | |a Au service secret de Marie-Antoinette |v 01 | |
| 330 | |a A Versailles, la couturière Rose Bertin et le coiffeur Léonard Autier se piquent de jouer aux détectives amateurs mais peinent à s'entendre. Ils doivent pourtant coopérer lorsqu'ils sont mandatés par la jeune reine Marie-Antoinette pour retrouver des bijoux volés à la comtesse du Barry et mettre un terme à une série de meurtres qui ensanglantent la cour depuis le forfait. | ||
| 461 | 0 | |t Au service secret de Marie-Antoinette |v 01 | |
| 700 | 0 | |a Lenormand |b Frédéric |f 1964-.... |4 70 | |
| 900 | |a Roman (gros caractères) | ||
| 901 | |a Accessible au prêt | ||
| 995 | |a Bibliothèque |c Bibliothèque |f 00156009943671 |h 00156009943671 |k R LEN 1 |o p |q a |r az |e Bibliothèque | ||
